[Event "Aksu"]
[Site "Aksu Pavlodar"]
[Date "2019.10.20"]
[Round "4"]
[White "Urazayev, Arystanbek"]
[Black "Fatkhutdinov, Gafiyat"]
[Result "1-0"]
[WhiteElo "2420"]
[BlackElo "2305"]
[PlyCount "63"]
[EventDate "2019.10.17"]
[EventType "tourn"]
[EventRounds "9"]
[EventCountry "KAZ"]
[SourceTitle "CBM 192 Extra"]
[Source "Chessbase"]
[SourceDate "2019.11.06"]
[SourceVersion "1"]
[SourceVersionDate "2019.11.06"]
[SourceQuality "1"]

1. e4 g6 2. d4 Bg7 3. Nc3 c6 4. Nf3 d5 5. h3 dxe4 6. Nxe4 Bf5 7. Ng3 Nf6 8. Nxf5 Qa5+ 9. c3 Qxf5 10. Bd3 Qc8 11. 0-0 0-0 12. Re1 e6 13. Bf4 Nbd7 14. Qe2 c5 15. dxc5 Nxc5 16. Bc2 Rd8 17. Rad1 Qc6 18. Ne5 Qa6 19. c4 Ncd7 20. Nxf7 Kxf7 21. Rd6 Qa5 22. Qxe6+ Kf8 23. Rd5 Qxe1+ 24. Qxe1 Nxd5 25. cxd5 Kg8 26. d6 Bxb2 27. Qe6+ Kh8 28. Ba4 Nf6 29. d7 Nh5 30. Bg5 Rf8 31. Be7 Rfb8 32. Qd6 1-0

[Event "Aksu"]
[Site "Aksu Pavlodar"]
[Date "2019.10.19"]
[Round "3"]
[White "Fatkhutdinov, Gafiyat"]
[Black "Kashkarov, Mikhail"]
[Result "1-0"]
[WhiteElo "2305"]
[BlackElo "1984"]
[PlyCount "67"]
[EventDate "2019.10.17"]
[EventType "tourn"]
[EventRounds "9"]
[EventCountry "KAZ"]
[SourceTitle "CBM 192 Extra"]
[Source "Chessbase"]
[SourceDate "2019.11.06"]
[SourceVersion "1"]
[SourceVersionDate "2019.11.06"]
[SourceQuality "1"]

1. e4 c5 2. Nf3 Nc6 3. Bb5 g6 4. 0-0 Bg7 5. c3 Nf6 6. Qe2 0-0 7. h3 e5 8. d3 Re8 9. Be3 d6 10. Nbd2 Bd7 11. a4 Qe7 12. Bc4 Be6 13. Bxe6 fxe6 14. d4 cxd4 15. cxd4 exd4 16. Nxd4 Nxd4 17. Bxd4 Nd7 18. Bxg7 Kxg7 19. Rac1 Rac8 20. Qb5 Ne5 21. f4 Rxc1 22. Rxc1 Nc6 23. Rf1 Rf8 24. Qd3 e5 25. f5 Nd4 26. Nf3 Nxf3+ 27. Rxf3 Qc7 28. Kh2 gxf5 29. exf5 Qc6 30. Qe3 Rf6 31. Qg5+ Kf7 32. Rg3 Ke7 33. Qh4 d5 34. Rg7+ 1-0

[Event "Aksu"]
[Site "Aksu Pavlodar"]
[Date "2019.10.18"]
[Round "2"]
[White "Slizunkov, Dmitry"]
[Black "Fatkhutdinov, Gafiyat"]
[Result "0-1"]
[WhiteElo "2146"]
[BlackElo "2305"]
[PlyCount "84"]
[EventDate "2019.10.17"]
[EventType "tourn"]
[EventRounds "9"]
[EventCountry "KAZ"]
[SourceTitle "CBM 192 Extra"]
[Source "Chessbase"]
[SourceDate "2019.11.06"]
[SourceVersion "1"]
[SourceVersionDate "2019.11.06"]
[SourceQuality "1"]

1. c4 c6 2. e4 d5 3. exd5 cxd5 4. cxd5 Nf6 5. Nc3 Nxd5 6. Nf3 Nc6 7. Bb5 e6 8. 0-0 Be7 9. d4 0-0 10. Re1 Nf6 11. Bf4 Nb4 12. Qe2 a6 13. Bc4 b5 14. Bb3 Nbd5 15. Bg5 Bb7 16. Rac1 Rc8 17. h4 Qd6 18. Qe5 Nxc3 19. Rxc3 Rxc3 20. bxc3 Rd8 21. a4 h6 22. Bf4 Qxe5 23. Nxe5 b4 24. c4 Rxd4 25. Be3 Re4 26. Nd3 Ng4 27. Bb6 Rxe1+ 28. Nxe1 Ne5 29. Nc2 Nd3 30. Be3 Bxh4 31. c5 Be7 32. Bc4 Nxc5 33. Nxb4 a5 34. Bxc5 Bxc5 35. Nd3 Bd6 36. Bb5 Kf8 37. f3 Ke7 38. Nb2 Bc7 39. Nc4 h5 40. Kf2 h4 41. Ke3 e5 42. Nd2 f5 0-1

[Event "Mendeleev Memorial 5th"]
[Site "Tiumen"]
[Date "2014.11.08"]
[Round "8"]
[White "Kotlyar, Kirill"]
[Black "Fatkhutdinov, Gafiyat"]
[Result "1-0"]
[WhiteElo "2311"]
[BlackElo "2326"]
[PlyCount "99"]
[EventDate "2014.11.01"]
[EventType "tourn"]
[EventRounds "9"]
[EventCountry "RUS"]
[EventCategory "4"]
[SourceTitle "EXT 2015"]
[Source "ChessBase"]
[SourceDate "2014.11.20"]
[SourceVersion "1"]
[SourceVersionDate "2014.11.20"]
[SourceQuality "1"]

1. c4 Nf6 2. g3 g6 3. Bg2 Bg7 4. Nf3 0-0 5. 0-0 d6 6. d4 Nbd7 7. Nc3 e5 8. e4 a5 9. h3 c6 10. Be3 Re8 11. Qc2 Qe7 12. d5 Nc5 13. a3 cxd5 14. cxd5 Bd7 15. Bxc5 dxc5 16. a4 Bh6 17. Rfd1 Qd6 18. Bf1 Rec8 19. Nb1 Ne8 20. Na3 Qf6 21. Nc4 Qxf3 22. Nxe5 Qf6 23. Nxd7 Qd6 24. Bb5 Bg7 25. Qe2 Bd4 26. e5 Qxd5 27. Nb6 Qxe5 28. Qxe5 Bxe5 29. Nxa8 Rxa8 30. Rd7 Bxb2 31. Re1 Ng7 32. Bc4 Rf8 33. Rxf7 Rxf7 34. Re7 Nf5 35. Bxf7+ Kf8 36. Rxb7 Bd4 37. Ba2 Nxg3 38. Kg2 Ne4 39. Rf7+ Ke8 40. Rxh7 Nxf2 41. Bf7+ Kf8 42. Bxg6 Nd1 43. h4 Nc3 44. h5 Bg7 45. h6 Bxh6 46. Rxh6 Kg7 47. Rh3 Nd5 48. Bf5 Nf4+ 49. Kf3 Nxh3 50. Bxh3 1-0

[Event "Urals-ch 72nd"]
[Site "Tiumen"]
[Date "2014.03.27"]
[Round "8"]
[White "Pridorozhni, Aleksei"]
[Black "Fatkhutdinov, Gafiyat"]
[Result "1/2-1/2"]
[WhiteElo "2519"]
[BlackElo "2363"]
[PlyCount "92"]
[EventDate "2014.03.20"]
[EventType "swiss"]
[EventRounds "9"]
[EventCountry "RUS"]
[SourceTitle "CBM 159 Extra"]
[Source "ChessBase"]
[SourceDate "2014.04.24"]
[SourceVersion "1"]
[SourceVersionDate "2014.04.24"]
[SourceQuality "1"]

1. e4 c6 2. d4 d5 3. Nc3 dxe4 4. Nxe4 Bf5 5. Ng3 Bg6 6. h4 h6 7. Nf3 Nd7 8. h5 Bh7 9. Bd3 Bxd3 10. Qxd3 Qc7 11. Bd2 e6 12. 0-0-0 Ngf6 13. Ne4 0-0-0 14. g3 Nxe4 15. Qxe4 Nf6 16. Qe2 Bd6 17. c4 c5 18. Bc3 Rhe8 19. Ne5 Re7 20. f4 Bxe5 21. dxe5 Ne8 22. Rxd8+ Qxd8 23. Rd1 Rd7 24. Rxd7 Qxd7 25. Qe3 Qc6 26. Kc2 Qa4+ 27. b3 Qxa2+ 28. Bb2 Qa5 29. g4 Qc7 30. f5 Qc6 31. Kb1 exf5 32. gxf5 b6 33. f6 Qe6 34. Qf3 a5 35. Ka2 Kb8 36. Ka3 Ka7 37. Qd5 gxf6 38. Qxe6 fxe6 39. exf6 Nd6 40. Bc1 Nf7 41. Ka4 Kb7 42. Be3 Kc6 43. Bf4 e5 44. Bg3 Kb7 45. Kb5 Nd6+ 46. Ka4 Nf7 1/2-1/2

[Event "Urals-ch 72nd"]
[Site "Tiumen"]
[Date "2014.03.24"]
[Round "5"]
[White "Fatkhutdinov, Gafiyat"]
[Black "Fakhrutdinov, Timur"]
[Result "1/2-1/2"]
[WhiteElo "2363"]
[BlackElo "2137"]
[PlyCount "68"]
[EventDate "2014.03.20"]
[EventType "swiss"]
[EventRounds "9"]
[EventCountry "RUS"]
[SourceTitle "CBM 159 Extra"]
[Source "ChessBase"]
[SourceDate "2014.04.24"]
[SourceVersion "1"]
[SourceVersionDate "2014.04.24"]
[SourceQuality "1"]

1. d4 Nf6 2. Nf3 d5 3. Bf4 c5 4. c3 Nc6 5. e3 Qb6 6. Qb3 c4 7. Qxb6 axb6 8. Nbd2 b5 9. Ne5 Bf5 10. f3 h5 11. a3 e6 12. Nxc6 bxc6 13. Be2 Be7 14. Kf2 Kd7 15. h4 c5 16. Be5 cxd4 17. exd4 Ne8 18. Nf1 f6 19. Bf4 Nd6 20. Ne3 Bg6 21. Bd1 Ra7 22. Bc2 Bxc2 23. Nxc2 Nf7 24. Rae1 Re8 25. Re2 Bd6 26. Bxd6 Kxd6 27. Ne3 Rae7 28. Rhe1 Kd7 29. g3 Nd6 30. Rd1 Ra8 31. Rde1 Rae8 32. Rd1 Ra8 33. Rde1 Rae8 34. Rd1 Ra8 1/2-1/2

[Event "Urals-ch 72nd"]
[Site "Tiumen"]
[Date "2014.03.22"]
[Round "3"]
[White "Fatkhutdinov, Gafiyat"]
[Black "Dilmukhametov, Artur"]
[Result "1/2-1/2"]
[WhiteElo "2363"]
[BlackElo "2151"]
[PlyCount "54"]
[EventDate "2014.03.20"]
[EventType "swiss"]
[EventRounds "9"]
[EventCountry "RUS"]
[SourceTitle "CBM 159 Extra"]
[Source "ChessBase"]
[SourceDate "2014.04.24"]
[SourceVersion "1"]
[SourceVersionDate "2014.04.24"]
[SourceQuality "1"]

1. e4 e6 2. d4 d5 3. Nd2 Nf6 4. e5 Nfd7 5. f4 c5 6. c3 Nc6 7. Ndf3 Qb6 8. a3 a5 9. b3 Be7 10. h4 cxd4 11. cxd4 h5 12. Nh3 f5 13. Kf2 Ndb8 14. Be3 Bd7 15. Bd3 Na6 16. Nhg5 g6 17. Qe2 Rc8 18. Rhc1 0-0 19. Qb2 Na7 20. Rxc8 Rxc8 21. Rc1 Rxc1 22. Bxc1 Nb5 23. Qa1 Nbc7 24. Qc3 Nb5 25. Qa1 Nbc7 26. Qc3 Nb5 27. Qa1 Nbc7 1/2-1/2

[Event "Samara Polugaevsky Memorial 2nd"]
[Site "Samara"]
[Date "2012.07.08"]
[Round "4"]
[White "Kovalenko, Igor"]
[Black "Fatkhutdinov, Gafiyat"]
[Result "1-0"]
[WhiteElo "2556"]
[BlackElo "2354"]
[PlyCount "175"]
[EventDate "2012.07.05"]
[EventType "swiss"]
[EventRounds "9"]
[EventCountry "RUS"]
[SourceTitle "CBM 149 Extra"]
[Source "ChessBase"]
[SourceDate "2012.08.24"]
[SourceVersion "1"]
[SourceVersionDate "2012.08.24"]
[SourceQuality "1"]

1. d4 d5 2. c4 c6 3. Nf3 Nf6 4. Nc3 a6 5. cxd5 cxd5 6. Bf4 Nc6 7. Rc1 Nh5 8. Bd2 Nf6 9. e3 Bg4 10. Qb3 Na5 11. Qc2 Rc8 12. Ne5 Bd7 13. b4 Nc6 14. Nxd7 Qxd7 15. Na4 Na7 16. Nc5 Qc6 17. Qb3 Qb6 18. Qa4+ Nb5 19. Bd3 e6 20. 0-0 Rb8 21. Qb3 Be7 22. a4 Nd6 23. a5 Qd8 24. Qa4+ Kf8 25. f3 Kg8 26. Rc2 h5 27. Rfc1 Bf8 28. Be1 h4 29. h3 Rh5 30. Bf2 Nf5 31. b5 axb5 32. Qxb5 Nd6 33. Qb6 Be7 34. Qxd8+ Bxd8 35. Be1 e5 36. Rb1 Ra8 37. Nxb7 Nxb7 38. Rxb7 e4 39. Be2 Rh6 40. Rcb2 Bxa5 41. Rb8+ Kh7 42. Rxa8 Bxe1 43. Kf1 Bg3 44. Rb7 Ng8 45. Ra6 f5 46. Rxh6+ Kxh6 47. Bb5 Nf6 48. Bc6 f4 49. exf4 e3 50. Ke2 Bf2 51. Kd1 Nh5 52. Bxd5 Nxf4 53. Bc4 e2+ 54. Bxe2 Bxd4 55. Bf1 Bf6 56. Kd2 Kg5 57. Rb5+ Kh6 58. Ke3 Nh5 59. f4 Be7 60. Be2 Nf6 61. Kf3 Kg6 62. Bd3+ Kf7 63. Rb7 Ke6 64. Bc4+ Kd6 65. Ba2 Nd7 66. Kg4 Bf6 67. Kf5 Bd4 68. Bf7 Nc5 69. Rb1 Bf6 70. Bc4 Na4 71. Rg1 Nc3 72. g4 hxg3 73. Rxg3 Kc5 74. Bg8 Kd4 75. Kg4 Ne4 76. Rf3 Nd2 77. Ra3 Ne4 78. h4 Nf2+ 79. Kf3 Nd3 80. h5 Nc5 81. Kg4 Ke4 82. Ra7 Bd4 83. Re7+ Kd3 84. Kf5 Kc3 85. Kg6 Nd3 86. Re4 Nf2 87. Rxd4 Kxd4 88. Kxg7 1-0

[Event "Urals-ch"]
[Site "Satka"]
[Date "2012.04.01"]
[Round "9"]
[White "Fatkhutdinov, Gafiyat"]
[Black "Ovetchkin, Roman"]
[Result "1/2-1/2"]
[WhiteElo "2334"]
[BlackElo "2499"]
[PlyCount "124"]
[EventDate "2012.03.24"]
[EventType "swiss"]
[EventRounds "9"]
[EventCountry "RUS"]
[SourceTitle "CBM 147 Extra"]
[Source "ChessBase"]
[SourceDate "2012.04.24"]
[SourceVersion "1"]
[SourceVersionDate "2012.04.24"]
[SourceQuality "1"]

1. e4 e6 2. d3 d5 3. Nd2 Nc6 4. Ngf3 Nf6 5. Be2 Be7 6. c3 e5 7. 0-0 0-0 8. a3 Re8 9. b4 a6 10. Bb2 Bf8 11. Re1 b6 12. Qc2 Bb7 13. Bf1 Qd7 14. Rad1 Rad8 15. Qb1 b5 16. Nb3 Qe6 17. Qc2 h6 18. Ra1 Qd7 19. Bc1 Bd6 20. Be3 Qc8 21. Bc5 Nb8 22. a4 Nbd7 23. axb5 axb5 24. Ra5 Bc6 25. Nfd2 Nxc5 26. bxc5 Bf8 27. f3 Qd7 28. Be2 g6 29. Nf1 h5 30. Ra6 Ra8 31. Rea1 Rxa6 32. Rxa6 Ra8 33. Qa2 Qc8 34. Rxa8 Qxa8 35. Qxa8 Bxa8 36. Nfd2 Bc6 37. Kf2 Bh6 38. Bd1 h4 39. Bc2 dxe4 40. Nxe4 Nd5 41. Na5 Ba8 42. Bb3 Kf8 43. c6 Ne7 44. Nc5 Bxc6 45. Nxc6 Nxc6 46. Bd5 Nb8 47. g3 Ke7 48. Bb3 f5 49. Ke2 Nc6 50. Ne6 Na5 51. Ba2 Kd6 52. gxh4 c5 53. Ng5 Ke7 54. Bd5 b4 55. cxb4 cxb4 56. Kd1 Kf6 57. Nh7+ Ke7 58. Ng5 b3 59. h3 Kf6 60. Nh7+ Ke7 61. Ng5 Kf6 62. Nh7+ Ke7 1/2-1/2

[Event "Urals-ch"]
[Site "Satka"]
[Date "2012.03.31"]
[Round "8"]
[White "Fatkhutdinov, Gafiyat"]
[Black "Solovjev, Nikolay1111"]
[Result "1-0"]
[WhiteElo "2334"]
[BlackElo "2310"]
[PlyCount "67"]
[EventDate "2012.03.24"]
[EventType "swiss"]
[EventRounds "9"]
[EventCountry "RUS"]
[SourceTitle "CBM 147 Extra"]
[Source "ChessBase"]
[SourceDate "2012.04.24"]
[SourceVersion "1"]
[SourceVersionDate "2012.04.24"]
[SourceQuality "1"]

1. e4 g6 2. d4 Bg7 3. Nc3 c6 4. Nf3 d6 5. Be3 b5 6. Bd3 Nd7 7. 0-0 a6 8. a4 Bb7 9. Qd2 e5 10. d5 cxd5 11. exd5 f5 12. Bg5 Ngf6 13. axb5 a5 14. Rfe1 0-0 15. Bc4 Qc7 16. Ba2 a4 17. Bh6 Bxh6 18. Qxh6 a3 19. Ng5 Qb6 20. bxa3 Rxa3 21. Bb3 Rfa8 22. Rxa3 Rxa3 23. h3 Qa5 24. Re3 f4 25. Ne6 Ne8 26. Nxf4 Ng7 27. Ne6 Nf5 28. Qg5 Nxe3 29. fxe3 Ra1+ 30. Kf2 Nf8 31. Qf6 Nxe6 32. dxe6 Qa8 33. Qf7+ Kh8 34. e7 1-0

[Event "Urals-ch"]
[Site "Satka"]
[Date "2012.03.28"]
[Round "5"]
[White "Bezgodov, Alexei"]
[Black "Fatkhutdinov, Gafiyat"]
[Result "1-0"]
[WhiteElo "2503"]
[BlackElo "2334"]
[PlyCount "73"]
[EventDate "2012.03.24"]
[EventType "swiss"]
[EventRounds "9"]
[EventCountry "RUS"]
[SourceTitle "CBM 147 Extra"]
[Source "ChessBase"]
[SourceDate "2012.04.24"]
[SourceVersion "1"]
[SourceVersionDate "2012.04.24"]
[SourceQuality "1"]

1. e4 c6 2. d4 d5 3. Nd2 g6 4. Ngf3 Bg4 5. c3 Bxf3 6. Qxf3 Bg7 7. Bd3 e6 8. 0-0 Ne7 9. Re1 Nd7 10. Qh3 Qb6 11. a4 0-0 12. a5 Qc7 13. Nf3 Rfe8 14. e5 c5 15. Bh6 Nc6 16. Bb5 Rec8 17. Qh4 Nf8 18. Bxc6 Qxc6 19. h3 Rc7 20. Nh2 Qe8 21. Ng4 Nd7 22. Re3 Qf8 23. Rf3 Kh8 24. Bxg7+ Qxg7 25. Qe7 Rf8 26. dxc5 h5 27. Ne3 Kg8 28. a6 Rfc8 29. Nxd5 exd5 30. e6 Ne5 31. exf7+ Kh7 32. f8N+ Kg8 33. Qe6+ Nf7 34. Nxg6 Kh7 35. Ne7 Rf8 36. Qf5+ Kh6 37. Re1 1-0

[Event "Urals-ch"]
[Site "Satka"]
[Date "2012.03.26"]
[Round "3"]
[White "Fatkhutdinov, Gafiyat"]
[Black "Belyakov, Bogdan"]
[Result "1/2-1/2"]
[WhiteElo "2334"]
[BlackElo "2309"]
[PlyCount "36"]
[EventDate "2012.03.24"]
[EventType "swiss"]
[EventRounds "9"]
[EventCountry "RUS"]
[SourceTitle "CBM 147 Extra"]
[Source "ChessBase"]
[SourceDate "2012.04.24"]
[SourceVersion "1"]
[SourceVersionDate "2012.04.24"]
[SourceQuality "1"]

1. e4 e5 2. Nf3 Nc6 3. Bc4 Nf6 4. d3 Bc5 5. 0-0 d6 6. c3 Bb6 7. a4 Bg4 8. h3 Bh5 9. Be3 d5 10. exd5 Nxd5 11. Qe2 0-0 12. Nbd2 Kh8 13. Bxb6 axb6 14. Qe4 Nf6 15. Qe3 Nd5 16. Qe4 Nf6 17. Qe3 Nd5 18. Qe4 Nf6 1/2-1/2

[Event "Urals-ch"]
[Site "Satka"]
[Date "2012.03.25"]
[Round "2"]
[White "Bezzubenkov, Sergej"]
[Black "Fatkhutdinov, Gafiyat"]
[Result "1/2-1/2"]
[WhiteElo "2181"]
[BlackElo "2334"]
[PlyCount "97"]
[EventDate "2012.03.24"]
[EventType "swiss"]
[EventRounds "9"]
[EventCountry "RUS"]
[SourceTitle "CBM 147 Extra"]
[Source "ChessBase"]
[SourceDate "2012.04.24"]
[SourceVersion "1"]
[SourceVersionDate "2012.04.24"]
[SourceQuality "1"]

1. e4 e5 2. Nf3 Nc6 3. Bb5 a6 4. Ba4 d6 5. Bxc6+ bxc6 6. d4 exd4 7. Nxd4 Bd7 8. 0-0 Nf6 9. Nc3 Be7 10. Bf4 0-0 11. Re1 Ne8 12. Qd2 g6 13. e5 d5 14. e6 fxe6 15. Nxe6 Bxe6 16. Rxe6 Bd6 17. Bxd6 Nxd6 18. Rae1 Rf7 19. f3 Qh4 20. b3 Qb4 21. R1e2 a5 22. Na4 Raf8 23. c3 Qb5 24. h4 Nf5 25. Qg5 Ng7 26. Re7 Qd3 27. Nc5 Qxc3 28. Nd7 Nf5 29. Rxf7 Rxf7 30. Re8+ Kg7 31. Ne5 Qc5+ 32. Kf1 Re7 33. Rxe7+ Qxe7 34. Nxc6 Qd6 35. g4 h6 36. Qd8 Qxc6 37. gxf5 gxf5 38. Qe7+ Kg6 39. Qf8 Qe6 40. Qc5 Qe5 41. Qxa5 Kh5 42. Qd2 c5 43. a4 c4 44. bxc4 dxc4 45. Qe2 Qa1+ 46. Kg2 Qxa4 47. Qe6 c3 48. Qxf5+ Kxh4 49. Qf6+ 1/2-1/2

[Event "UrFO-ch op"]
[Site "Cheliabinsk"]
[Date "2011.03.20"]
[Round "3"]
[White "Fatkhutdinov, Gafiyat"]
[Black "Bulatov, Ramil"]
[Result "0-1"]
[WhiteElo "2331"]
[BlackElo "2137"]
[PlyCount "80"]
[EventDate "2011.03.19"]
[EventType "swiss"]
[EventRounds "9"]
[EventCountry "RUS"]
[SourceTitle "EXT 2012"]
[Source "ChessBase"]
[SourceDate "2011.11.24"]
[SourceVersion "1"]
[SourceVersionDate "2011.11.24"]
[SourceQuality "1"]

1. e4 e6 2. d4 d5 3. Nd2 Be7 4. c3 c5 5. Ngf3 Nf6 6. exd5 exd5 7. dxc5 Bxc5 8. Bb5+ Nc6 9. 0-0 0-0 10. Nb3 Bb6 11. Bg5 a6 12. Be2 Re8 13. Bh4 h6 14. Qd2 Bg4 15. Bd1 Bxf3 16. Bxf6 Qxf6 17. Bxf3 Rad8 18. Rad1 d4 19. Bxc6 dxc3 20. Qxc3 Qxf2+ 21. Kh1 Rxd1 22. Rxd1 bxc6 23. Nc1 Bc7 24. Rg1 Qf4 25. Qh3 Re3 26. g3 Qe4+ 27. Qg2 Qe6 28. Rf1 h5 29. Nb3 Bb6 30. Nc1 Re1 31. h4 Re3 32. Kh2 Bc7 33. Rf3 Re4 34. Nd3 Rxh4+ 35. Kg1 Rg4 36. Nf2 Qe1+ 37. Qf1 Rxg3+ 38. Rxg3 Qxf1+ 39. Kxf1 Bxg3 40. Ne4 Be5 0-1

[Event "Novosibirsk op"]
[Site "Novosibirsk"]
[Date "2001.07.27"]
[Round "9"]
[White "Fatkhutdinov, Gafiyat"]
[Black "Akselrod, Vladislav"]
[Result "1-0"]
[WhiteElo "2204"]
[BlackElo "2415"]
[PlyCount "96"]
[EventDate "2001.07.18"]
[EventType "swiss"]
[EventRounds "11"]
[EventCountry "RUS"]
[SourceTitle "CBM 083 Extra"]
[Source "ChessBase"]
[SourceDate "2001.09.11"]
[SourceVersion "1"]
[SourceVersionDate "2001.09.11"]
[SourceQuality "1"]

1. e4 e6 2. d3 d5 3. Nd2 Nc6 4. Ngf3 a6 5. c3 dxe4 6. dxe4 e5 7. Be2 Nf6 8. 0-0 Bc5 9. Qc2 0-0 10. b4 Ba7 11. a4 Be6 12. Ba3 Nd7 13. Rfd1 Qf6 14. Nf1 Rfe8 15. Bc1 h6 16. Be3 Bxe3 17. Nxe3 Ne7 18. Rd2 Nf8 19. Rad1 g5 20. Ne1 Neg6 21. Bg4 Nf4 22. g3 N4g6 23. N1g2 Qg7 24. Rd3 Ne7 25. Qe2 Kh8 26. R1d2 Rec8 27. Qd1 Qh7 28. Qf3 Qg6 29. Nf5 Bxf5 30. exf5 Qf6 31. Qxb7 h5 32. Bxh5 Qxf5 33. Qf3 Qxf3 34. Bxf3 Rab8 35. Re2 f6 36. h4 gxh4 37. Nxh4 Rd8 38. Be4 Ne6 39. Red2 Rxd3 40. Rxd3 Ng5 41. Bg2 c6 42. Rd7 Nd5 43. Ng6+ Kg8 44. Bxd5+ cxd5 45. Ne7+ Kf8 46. Nxd5 Ne4 47. f3 Nxg3 48. Kf2 Nf5 1-0

[Event "Novosibirsk op"]
[Site "Novosibirsk"]
[Date "2001.07.25"]
[Round "7"]
[White "Fatkhutdinov, Gafiyat"]
[Black "Pak, Kil En"]
[Result "0-1"]
[WhiteElo "2204"]
[BlackElo "2213"]
[PlyCount "33"]
[EventDate "2001.07.18"]
[EventType "swiss"]
[EventRounds "11"]
[EventCountry "RUS"]
[SourceTitle "CBM 083 Extra"]
[Source "ChessBase"]
[SourceDate "2001.09.11"]
[SourceVersion "1"]
[SourceVersionDate "2001.09.11"]
[SourceQuality "1"]

1. e4 c5 2. Nc3 Nc6 3. f4 g6 4. Nf3 Bg7 5. g3 d6 6. Bg2 e5 7. d3 Nge7 8. 0-0 0-0 9. Be3 Nd4 10. Qd2 exf4 11. Bxf4 Qb6 12. Nd1 Be6 13. c3 Nxf3+ 14. Rxf3 d5 15. Rf2 dxe4 16. dxe4 Rad8 17. Qe2 0-1

[Event "RUS-chJ U18"]
[Site "Russia"]
[Date "2000.??.??"]
[Round "?"]
[White "Bolschakov, Alexander"]
[Black "Fatkhutdinov, Gafiyat"]
[Result "1-0"]
[WhiteElo "2348"]
[BlackElo "2174"]
[PlyCount "53"]
[EventDate "2000.??.??"]
[EventType "swiss"]
[EventRounds "11"]
[EventCountry "RUS"]
[SourceTitle "EXT 2001"]
[Source "ChessBase"]
[SourceDate "2000.11.22"]
[SourceVersion "1"]
[SourceVersionDate "2000.11.22"]
[SourceQuality "1"]

1. d4 d6 2. c4 e5 3. d5 f5 4. Nc3 Nf6 5. Qc2 Be7 6. e4 f4 7. Nf3 h6 8. c5 0-0 9. Bc4 Kh8 10. cxd6 Bxd6 11. h3 g5 12. b3 a6 13. a4 Qe7 14. Bb2 Nbd7 15. Be2 Kg7 16. 0-0-0 Ne8 17. g4 fxg3 18. fxg3 Bc5 19. Kb1 Bf2 20. g4 Be3 21. d6 Qe6 22. Nd5 Bf4 23. Bc4 Qg6 24. Nxf4 gxf4 25. Nxe5 Nxe5 26. Bxe5+ Kh7 27. d7 1-0

[Event "RUS-ch U16"]
[Site "Serpukhov"]
[Date "1999.??.??"]
[Round "2"]
[White "Alekseev, Evgeny V"]
[Black "Fatkhutdinov, Gafiyat"]
[Result "1-0"]
[WhiteElo "2300"]
[BlackElo "2175"]
[PlyCount "89"]
[EventDate "1999.??.??"]
[EventType "swiss"]
[EventRounds "8"]
[EventCountry "RUS"]
[SourceTitle "EXT 2000"]
[Source "ChessBase"]
[SourceDate "1999.11.16"]
[SourceVersion "1"]
[SourceVersionDate "1999.11.16"]
[SourceQuality "1"]

1. e4 d6 2. d4 Nf6 3. Nc3 g6 4. Be3 Bg7 5. f3 c6 6. Qd2 Qa5 7. 0-0-0 b5 8. Kb1 Bb7 9. e5 dxe5 10. dxe5 Nfd7 11. e6 fxe6 12. Nxb5 Qd8 13. Nd4 Qb6 14. Nb3 c5 15. Nh3 a5 16. a4 0-0 17. Nf4 Ba6 18. Bxa6 Rxa6 19. Qe2 Qc7 20. Qc4 Rf6 21. Rhe1 Rc6 22. Bc1 Nb6 23. Qe4 N6d7 24. g4 Nf8 25. g5 Rf5 26. Qc4 Kf7 27. Nd3 Nbd7 28. Bf4 Qa7 29. Qe4 Rc8 30. Nd2 Nb6 31. Nc4 Nd5 32. Be5 Rb8 33. Bxb8 Qxb8 34. Nde5+ Kg8 35. Rxd5 exd5 36. Qxd5+ e6 37. Qe4 Qb4 38. f4 Qxa4 39. h4 Qb4 40. Rd1 Qb8 41. Nd6 Rxe5 42. fxe5 Nd7 43. Qc4 Nxe5 44. Qxe6+ Kh8 45. Nb7 1-0

[Event "RUS-ch U16"]
[Site "Serpukhov"]
[Date "1999.??.??"]
[Round "8"]
[White "Bachin, Vitaly"]
[Black "Fatkhutdinov, Gafiyat"]
[Result "1-0"]
[WhiteElo "2295"]
[BlackElo "2175"]
[PlyCount "87"]
[EventDate "1999.??.??"]
[EventType "swiss"]
[EventRounds "8"]
[EventCountry "RUS"]
[SourceTitle "EXT 2000"]
[Source "ChessBase"]
[SourceDate "1999.11.16"]
[SourceVersion "1"]
[SourceVersionDate "1999.11.16"]
[SourceQuality "1"]

1. e4 g6 2. Nc3 Bg7 3. g3 e5 4. Bg2 Nc6 5. d3 d6 6. f4 exf4 7. Bxf4 Nge7 8. Nf3 f5 9. 0-0 0-0 10. exf5 Bxf5 11. Qd2 Qd7 12. Rae1 Rae8 13. Bh6 Bg4 14. Bxg7 Kxg7 15. Ng5 h6 16. Nge4 Ne5 17. Qe3 b6 18. Rf4 Nf5 19. Qc1 g5 20. Rff1 Nd4 21. Kh1 Bf3 22. Nd5 Qc6 23. c4 Qd7 24. Qc3 c5 25. Nef6 Rxf6 26. Nxf6 Kxf6 27. Bxf3 Nexf3 28. Rxf3+ Kg6 29. Rfe3 Rf8 30. Qd2 g4 31. Re4 Rf7 32. Kg2 Kh7 33. Rf1 Nf3 34. Qe3 Qb7 35. Rf2 h5 36. h4 a6 37. a4 Kg7 38. Re2 Qc6 39. Qc1 Qb7 40. b4 Kh7 41. b5 a5 42. Qe3 Qa8 43. Kh1 Qb7 44. Re7 1-0